[Event "Europa ch s-16"]
[Site "Herceg Novi MNE"]
[Date "2008.09.22"]
[Round "7.15"]
[White "Lyaskovsky, Valentin"]
[Black "Yaksin, Oleg"]
[Result "0-1"]
[WhiteElo "2257"]
[BlackElo "2307"]
[PlyCount "80"]
[EventDate "2008.09.15"]
[EventType "swiss"]
[EventRounds "9"]
[Source "lmi"]
[SourceDate "2008.09.15"]

1. e4 e5 2. Nf3 Nf6 3. Nxe5 d6 4. Nf3 Nxe4 5. Nc3 Nxc3 6. dxc3 Be7 7. Bf4 Nc6
8. Qd2 Bg4 9. Be2 Qd7 10. O-O-O O-O-O 11. h3 Be6 12. Bb5 a6 13. Ba4 Bf6 14. Nd4
b5 15. Bb3 Na5 16. Rhe1 Rhe8 17. Bxe6 fxe6 18. Nxe6 Nc4 19. Qd5 c6 20. Qf5 Be5
21. Bxe5 g6 22. Qf3 Rxe6 23. Bg3 Kb7 24. Qg4 Rde8 25. Rxe6 Rxe6 26. b3 Nb6 27.
Kb2 h5 28. Qd4 c5 29. Qf4 d5 30. Rd3 a5 31. Qf8 Qc6 32. Rf3 b4 33. Rf7+ Ka6 34.
Re7 bxc3+ 35. Kxc3 d4+ 36. Kd2 Qe4 37. f3 Qe3+ 38. Kd1 Qe2+ 39. Kc1 Qf1+ 40.
Kb2 Nc4+ 0-1

[Event "Europa ch s-16"]
[Site "Herceg Novi MNE"]
[Date "2008.09.22"]
[Round "7.16"]
[White "Kociscak, Jiri"]
[Black "Vardanian, Haik G"]
[Result "0-1"]
[WhiteElo "2324"]
[BlackElo "2177"]
[PlyCount "54"]
[EventDate "2008.09.15"]
[EventType "swiss"]
[EventRounds "9"]
[Source "lmi"]
[SourceDate "2008.09.15"]

1. e4 c5 2. Nf3 e6 3. d4 cxd4 4. Nxd4 a6 5. Bd3 Nf6 6. O-O Qc7 7. Qe2 d6 8. c4
Be7 9. Nc3 O-O 10. Kh1 Nc6 11. Nxc6 bxc6 12. f4 e5 13. f5 Bb7 14. g4 h6 15. h4
Nh7 16. g5 hxg5 17. hxg5 Bxg5 18. Bxg5 Nxg5 19. f6 gxf6 20. Rxf6 Kg7 21. Raf1
Rh8+ 22. Kg2 Rag8 23. Qe3 Bc8 24. R1f2 Bh3+ 25. Kg1 Kf8 26. Ne2 Nf3+ 27. Kh1
Bg2# 0-1

[Event "Europa ch s-16"]
[Site "Herceg Novi MNE"]
[Date "2008.09.22"]
[Round "7.17"]
[White "Valsecchi, Alessio"]
[Black "Tamazyan, Haik"]
[Result "1-0"]
[WhiteElo "2298"]
[BlackElo "2139"]
[PlyCount "141"]
[EventDate "2008.09.15"]
[EventType "swiss"]
[EventRounds "9"]
[Source "lmi"]
[SourceDate "2008.09.15"]

1. e4 e5 2. Nf3 Nc6 3. Bb5 Nge7 4. c3 d6 5. d4 Bd7 6. O-O Ng6 7. Qe2 Be7 8. Rd1
Qc8 9. Na3 O-O 10. Nc2 a6 11. Bc4 Kh8 12. Ne3 Nf4 13. Qc2 Bf6 14. a3 h5 15.
dxe5 Nxe5 16. Nxe5 Bxe5 17. g3 Nh3+ 18. Kg2 g6 19. Rf1 Bc6 20. f4 Bf6 21. Bd5
Kg7 22. f5 Ng5 23. h4 Nh7 24. Qd2 g5 25. Qe2 g4 26. Qd2 Rh8 27. Nxg4 Bxd5 28.
Nxf6 Nxf6 29. Qg5+ Kf8 30. Qxf6 Bxe4+ 31. Kh2 Rh7 32. Bh6+ Kg8 33. Qg5+ Kh8 34.
Rae1 d5 35. Qf6+ Kg8 36. Qg5+ Kh8 37. Qxh5 Qf8 38. Bxf8 Rxh5 39. Bc5 Rxf5 40.
Rxf5 Bxf5 41. Bd4+ Kg8 42. Re5 Be6 43. Rg5+ Kh7 44. Rg7+ Kh6 45. g4 c5 46. Bf6
Rh8 47. Kg3 a5 48. h5 Re8 49. Kh4 Bxg4 50. Kxg4 Re2 51. Rxf7 Rg2+ 52. Kf3 Rxb2
53. Rd7 d4 54. cxd4 cxd4 55. Bxd4 Rb5 56. Kg4 Rg5+ 57. Kf4 Rxh5 58. Rxb7 Kg6
59. Rg7+ Kh6 60. Rg3 a4 61. Ke4 Rb5 62. Be5 Kh5 63. Kd4 Kh4 64. Rg8 Kh5 65. Rg1
Rb3 66. Bd6 Rb5 67. Kc4 Rg5 68. Rxg5+ Kxg5 69. Kb4 Kf5 70. Kxa4 Ke6 71. Kb5 1-0

[Event "Europa ch s-16"]
[Site "Herceg Novi MNE"]
[Date "2008.09.22"]
[Round "7.18"]
[White "Halvax, Georg"]
[Black "Lyaskovsky, Viktor"]
[Result "0-1"]
[WhiteElo "2162"]
[BlackElo "2289"]
[PlyCount "76"]
[EventDate "2008.09.15"]
[EventType "swiss"]
[EventRounds "9"]
[Source "lmi"]
[SourceDate "2008.09.15"]

1. e4 c5 2. Nf3 d6 3. d4 cxd4 4. Nxd4 Nf6 5. Nc3 a6 6. Be3 e6 7. g4 b5 8. g5
Nfd7 9. Bg2 Bb7 10. O-O Be7 11. f4 b4 12. Nce2 Nc5 13. Ng3 O-O 14. Qg4 Nbd7 15.
Rad1 Rc8 16. Rd2 Re8 17. Rdf2 Bf8 18. h4 e5 19. fxe5 Nxe5 20. Qf4 g6 21. Rd1
Rc7 22. h5 Bg7 23. Nb3 Ne6 24. Qh4 Nc4 25. Bc1 Bxb2 26. Bxb2 Nxb2 27. Rb1 Nc4
28. Rf6 Ne5 29. hxg6 fxg6 30. Rbf1 Rxc2 31. Bh3 Bc8 32. Qh6 Ng7 33. Bxc8 Qxc8
34. R6f4 Qc3 35. Qh3 Nh5 36. Rf8+ Rxf8 37. Qe6+ Nf7 38. Nxh5 gxh5 0-1

[Event "Europa ch s-16"]
[Site "Herceg Novi MNE"]
[Date "2008.09.22"]
[Round "7.19"]
[White "Nijs, Nils"]
[Black "Senlle Caride, Miguel"]
[Result "1-0"]
[WhiteElo "2150"]
[BlackElo "2289"]
[PlyCount "55"]
[EventDate "2008.09.15"]
[EventType "swiss"]
[EventRounds "9"]
[Source "lmi"]
[SourceDate "2008.09.15"]

1. d4 Nf6 2. c4 c6 3. Nc3 d5 4. Nf3 g6 5. Bf4 dxc4 6. a4 Nd5 7. Be5 f6 8. Bg3
Nxc3 9. bxc3 Qa5 10. Qc1 Be6 11. e3 Nd7 12. Nd2 Qa6 13. Qb2 Bf7 14. Be2 h5 15.
h4 e5 16. O-O Qb6 17. Qc2 O-O-O 18. Nxc4 Qc7 19. f4 exd4 20. cxd4 Be7 21. Rab1
f5 22. Rb2 Bd5 23. Rfb1 Kb8 24. Be1 Ka8 25. Ba5 b6 26. Nxb6+ axb6 27. Bxb6 Qc8
28. Qc3 1-0

[Event "Europa ch s-16"]
[Site "Herceg Novi MNE"]
[Date "2008.09.22"]
[Round "7.20"]
[White "Kowalczyk, Pawel"]
[Black "Nestorovic, Lazar"]
[Result "1/2-1/2"]
[WhiteElo "2138"]
[BlackElo "2269"]
[PlyCount "119"]
[EventDate "2008.09.15"]
[EventType "swiss"]
[EventRounds "9"]
[Source "lmi"]
[SourceDate "2008.09.15"]

1. d4 Nf6 2. e3 b6 3. f4 Bb7 4. Nf3 g6 5. Bd3 Bg7 6. Qe2 O-O 7. O-O c5 8. b3
Nc6 9. c3 d6 10. Bb2 e5 11. fxe5 dxe5 12. Nxe5 Nxe5 13. dxe5 Ng4 14. e6 f5 15.
Bc4 Kh8 16. Nd2 Qg5 17. e4 Qe3+ 18. Qxe3 Nxe3 19. Rfe1 Nc2 20. e7 Rfe8 21. exf5
Nxe1 22. Rxe1 Bf6 23. Bf7 gxf5 24. Bxe8 Rxe8 25. Rf1 Bc8 26. Nc4 Rxe7 27. Nd6
Bd7 28. Nxf5 Re2 29. Ng3 Rxb2 30. Rxf6 Rxa2 31. Rd6 Bg4 32. h3 Ra1+ 33. Kf2 Bd1
34. Nf5 Kg8 35. b4 c4 36. Rd8+ Kf7 37. Rd4 Bb3 38. Ne3 Rc1 39. Rd7+ Kg6 40.
Rxa7 Rxc3 41. Ra6 Rc1 42. Rxb6+ Kf7 43. Rc6 c3 44. Kg3 c2 45. b5 Rb1 46. Nxc2
Bxc2 47. Rxc2 Rxb5 48. Kh4 Kg6 49. Rc6+ Kg7 50. g4 Rb7 51. Kh5 Rb5+ 52. g5 Rb7
53. h4 Ra7 54. Rc4 Rb7 55. Kg4 h6 56. Kh5 hxg5 57. hxg5 Ra7 58. Rc6 Rb7 59.
Rg6+ Kh7 60. Rf6 1/2-1/2

[Event "Europa ch s-16"]
[Site "Herceg Novi MNE"]
[Date "2008.09.22"]
[Round "7.21"]
[White "Schreiner, Peter"]
[Black "Sinitsin, Roman"]
[Result "1/2-1/2"]
[WhiteElo "2137"]
[BlackElo "2258"]
[PlyCount "102"]
[EventDate "2008.09.15"]
[EventType "swiss"]
[EventRounds "9"]
[Source "lmi"]
[SourceDate "2008.09.15"]

1. e4 e6 2. d4 d5 3. Nd2 c5 4. exd5 Qxd5 5. Ngf3 cxd4 6. Bc4 Qd6 7. O-O Nf6 8.
Nb3 Nc6 9. Nbxd4 Nxd4 10. Nxd4 a6 11. Re1 Bd7 12. b3 Qc7 13. Bb2 O-O-O 14. Qe2
Bd6 15. Nf3 Bc6 16. Ne5 Bd5 17. Bd3 Nd7 18. Rad1 Nc5 19. c4 Bc6 20. Bb1 a5 21.
h3 Be8 22. Nf3 f6 23. Nd2 Bc6 24. Ne4 Nxe4 25. Bxe4 Bb4 26. Rf1 Bc5 27. Rfe1 e5
28. Rxd8+ Rxd8 29. Bxh7 Qb6 30. Bf5+ Kb8 31. Bc2 e4 32. Bc1 f5 33. Bf4+ Ka7 34.
Rd1 Re8 35. Be3 Rg8 36. Bxc5 Qxc5 37. Qe3 Kb6 38. a3 Qxe3 39. fxe3 Kc5 40. Rd4
g5 41. Kf2 Rg7 42. g4 Rd7 43. b4+ axb4 44. axb4+ Kxb4 45. gxf5 Rf7 46. Bxe4
Bxe4 47. Rxe4 Rxf5+ 48. Kg3 Rc5 49. Re7 Kxc4 50. Rxb7 Kd3 51. Re7 Rc1 1/2-1/2

[Event "Europa ch s-16"]
[Site "Herceg Novi MNE"]
[Date "2008.09.22"]
[Round "7.22"]
[White "Mordechai, Hanan"]
[Black "Filippas, Sebastian"]
[Result "1-0"]
[WhiteElo "2072"]
[BlackElo "2240"]
[PlyCount "115"]
[EventDate "2008.09.15"]
[EventType "swiss"]
[EventRounds "9"]
[Source "lmi"]
[SourceDate "2008.09.15"]

1. e4 c5 2. Nf3 d6 3. d4 cxd4 4. Nxd4 Nf6 5. Nc3 a6 6. Bg5 e6 7. f4 Qc7 8. Qf3
Nc6 9. Bxf6 gxf6 10. O-O-O Bd7 11. Kb1 h5 12. Be2 Be7 13. f5 b5 14. fxe6 fxe6
15. Nxc6 Qxc6 16. Bd3 O-O-O 17. Ne2 Kb8 18. Nf4 Rh6 19. Rhe1 Qc5 20. Be2 Rc8
21. Qb3 Qe5 22. Qe3 Qc5 23. Qb3 Qe5 24. Qe3 Qc5 25. Qd2 Bf8 26. Bf3 Ka7 27. Nd3
Qd4 28. Qe2 h4 29. e5 d5 30. exf6 Qxf6 31. Qf2+ Kb7 32. Ne5 Bg7 33. c3 Qf5+ 34.
Qc2 Qxc2+ 35. Kxc2 Bxe5 36. Rxe5 h3 37. g3 Rf8 38. Bg4 Kc7 39. Rd2 Kd6 40. Rde2
Rf1 41. R5e3 a5 42. b3 Rf8 43. Rd2 Rg8 44. Bf3 Rf6 45. Red3 Be8 46. Kb2 Bg6 47.
Re3 Bf7 48. g4 Rf4 49. Kc1 Rh8 50. Kd1 Bg6 51. Ke1 b4 52. Kf2 bxc3 53. Rxc3
Rhf8 54. Kg3 d4 55. Bb7 R8f7 56. Rc6+ Kd7 57. Ra6 Be4 58. Rxd4+ 1-0

[Event "Europa ch s-16"]
[Site "Herceg Novi MNE"]
[Date "2008.09.22"]
[Round "7.23"]
[White "Klein, David"]
[Black "Stella, Andrea"]
[Result "0-1"]
[WhiteElo "2135"]
[BlackElo "2209"]
[PlyCount "54"]
[EventDate "2008.09.15"]
[EventType "swiss"]
[EventRounds "9"]
[Source "lmi"]
[SourceDate "2008.09.15"]

1. e4 c5 2. Nf3 d6 3. d4 cxd4 4. Nxd4 Nf6 5. Nc3 g6 6. Be3 Bg7 7. f3 Nc6 8. Qd2
O-O 9. Bc4 Bd7 10. O-O-O Rb8 11. g4 b5 12. Bb3 a5 13. Ndxb5 a4 14. Bxa4 Qa5 15.
g5 Nh5 16. Qe2 Nb4 17. Bd4 Nf4 18. Qf1 Bxb5 19. Bxb5 Nxa2+ 20. Nxa2 Qxa2 21.
Bxg7 Kxg7 22. c4 Rxb5 23. cxb5 Rc8+ 24. Kd2 Qxb2+ 25. Ke3 Ng2+ 26. Kd3 Qc3+ 27.
Ke2 Qe3# 0-1

[Event "Europa ch s-16"]
[Site "Herceg Novi MNE"]
[Date "2008.09.22"]
[Round "7.24"]
[White "Herrera Delgado, Alejandro"]
[Black "Stips, Felix"]
[Result "1/2-1/2"]
[WhiteElo "2204"]
[BlackElo "2061"]
[PlyCount "117"]
[EventDate "2008.09.15"]
[EventType "swiss"]
[EventRounds "9"]
[Source "lmi"]
[SourceDate "2008.09.15"]

1. e4 c5 2. Nf3 e6 3. Nc3 Nc6 4. d4 cxd4 5. Nxd4 Qc7 6. Be2 a6 7. O-O Nf6 8.
Be3 Bb4 9. Na4 Bd6 10. g3 b5 11. Nb6 Rb8 12. Nxc8 Rxc8 13. a4 Nxd4 14. Bxd4 e5
15. Be3 Bc5 16. Bxc5 Qxc5 17. axb5 axb5 18. Ra5 O-O 19. c3 Rb8 20. Qd3 Qc6 21.
Rxb5 Qxe4 22. Qxe4 Nxe4 23. Rd1 Nf6 24. b4 d5 25. Rxb8 Rxb8 26. b5 Kf8 27. c4
dxc4 28. Bxc4 Ke7 29. Kg2 Ne8 30. Rd5 Nd6 31. Be2 Ke6 32. Rc5 Rb7 33. Kf3 f6
34. g4 Kd7 35. Ke3 Rb6 36. Bd3 g6 37. Kd2 Nb7 38. Rc2 Nd6 39. Rc5 Nb7 40. Rc1
Rd6 41. Kc3 Nc5 42. Bc4 Kc7 43. Bg8 Kb6 44. Bc4 Ne4+ 45. Kb4 Rd4 46. f3 Nd2 47.
Rc3 Rf4 48. h3 Nxf3 49. Ka3 Nd4 50. Kb4 Rf2 51. Rg3 e4 52. Kc3 Rf3+ 53. Rxf3
Nxf3 54. Bg8 Ng5 55. h4 Nf3 56. Bxh7 Nxh4 57. Kd4 f5 58. gxf5 gxf5 59. Bxf5
1/2-1/2

[Event "Europa ch s-16"]
[Site "Herceg Novi MNE"]
[Date "2008.09.22"]
[Round "7.25"]
[White "Popilski, Gil"]
[Black "Manelyuk, Nikita"]
[Result "0-1"]
[WhiteElo "2372"]
[BlackElo "2071"]
[PlyCount "46"]
[EventDate "2008.09.15"]
[EventType "swiss"]
[EventRounds "9"]
[Source "lmi"]
[SourceDate "2008.09.15"]

1. e4 c6 2. d4 d5 3. e5 Bf5 4. Nf3 e6 5. Be2 c5 6. Be3 Qb6 7. b3 Nc6 8. O-O Rc8
9. Nc3 Qa5 10. Na4 cxd4 11. Nxd4 Nxd4 12. Qxd4 a6 13. Qa7 Qc7 14. Nb6 Rd8 15.
Bxa6 Ne7 16. Bxb7 f6 17. exf6 gxf6 18. Na4 Rg8 19. Qb6 Qe5 20. Bd4 Qe2 21. Bc6+
Kf7 22. g3 Qf3 23. Bxd5 Rxd5 0-1

[Event "Europa ch s-16"]
[Site "Herceg Novi MNE"]
[Date "2008.09.22"]
[Round "7.26"]
[White "Galopoulos, Nikolaos"]
[Black "Kamali, Mehran"]
[Result "0-1"]
[WhiteElo "2270"]
[BlackElo "2035"]
[PlyCount "72"]
[EventDate "2008.09.15"]
[EventType "swiss"]
[EventRounds "9"]
[Source "lmi"]
[SourceDate "2008.09.15"]

1. d4 Nf6 2. c4 g6 3. Nc3 Bg7 4. e4 d6 5. Nge2 O-O 6. Ng3 e5 7. d5 a5 8. Be2
Na6 9. Bg5 Qe8 10. Qd2 Nc5 11. f3 Bd7 12. Nf1 Nh5 13. g3 f5 14. exf5 gxf5 15.
Be3 b6 16. O-O-O f4 17. Bxc5 bxc5 18. Ne4 Bf5 19. Bd3 Bxe4 20. Bxe4 Nf6 21. Bc2
Rb8 22. Qxa5 e4 23. gxf4 e3 24. Re1 e2 25. Ng3 Nxd5 26. Be4 Bxb2+ 27. Kc2 Nxf4
28. Nxe2 Qf7 29. Nxf4 Qxc4+ 30. Kd2 Rxf4 31. Rhg1+ Kh8 32. Qxc7 Bc3+ 33. Ke3
Rxe4+ 34. fxe4 Qd4+ 35. Kf3 Rf8+ 36. Kg2 Bxe1 0-1

[Event "Europa ch s-16"]
[Site "Herceg Novi MNE"]
[Date "2008.09.22"]
[Round "7.27"]
[White "Muheim, Sebastian"]
[Black "Yilmazyerli, Mert"]
[Result "0-1"]
[WhiteElo "2104"]
[BlackElo "2207"]
[PlyCount "82"]
[EventDate "2008.09.15"]
[EventType "swiss"]
[EventRounds "9"]
[Source "lmi"]
[SourceDate "2008.09.15"]

1. e4 g6 2. d4 Bg7 3. Nc3 c5 4. d5 d6 5. f4 Nf6 6. Nf3 O-O 7. Be2 e6 8. O-O
exd5 9. e5 Nfd7 10. Qxd5 dxe5 11. fxe5 Nxe5 12. Nxe5 Qxd5 13. Nxd5 Bxe5 14. Bh6
Re8 15. Bc4 Be6 16. Rae1 Nc6 17. Rxe5 Nxe5 18. Nf6+ Kh8 19. Nxe8 Bxc4 20. Bg7+
Kg8 21. Bxe5 Rxe8 22. Re1 Bxa2 23. Bc3 Rxe1+ 24. Bxe1 Kf8 25. Kf2 Bd5 26. g3
Ke7 27. Ke3 Ke6 28. Kf4 f6 29. h4 b6 30. Bd2 Ba2 31. g4 h6 32. Ke4 Bd5+ 33. Kf4
a5 34. Bc3 a4 35. Bd2 Bh1 36. Be3 g5+ 37. Kg3 Be4 38. c3 Kd5 39. hxg5 hxg5 40.
Kf2 Kc4 41. Ke2 Kb3 0-1

[Event "Europa ch s-16"]
[Site "Herceg Novi MNE"]
[Date "2008.09.22"]
[Round "7.29"]
[White "Kaforos, Dimitrios-Alkis"]
[Black "Silva, Miguel Alexandre Go"]
[Result "1-0"]
[WhiteElo "2173"]
[BlackElo "2074"]
[PlyCount "57"]
[EventDate "2008.09.15"]
[EventType "swiss"]
[EventRounds "9"]
[Source "lmi"]
[SourceDate "2008.09.15"]

1. e4 c5 2. Nf3 d6 3. c3 Nf6 4. h3 Nc6 5. Bd3 e5 6. O-O Be7 7. Bc2 O-O 8. d4
cxd4 9. cxd4 Bd7 10. Nc3 Rc8 11. d5 Nb4 12. Bb1 a5 13. Be3 Na6 14. Qe2 Nc5 15.
Bd3 b5 16. Bxb5 Bxb5 17. Qxb5 Rb8 18. Qe2 Nfxe4 19. Nxe4 Nxe4 20. Ba7 Ra8 21.
Qxe4 Rxa7 22. Rac1 f5 23. Qc4 Bf6 24. b3 Qb6 25. Qc6 Rb8 26. Nd2 Ra6 27. Qd7
Qd4 28. Qe6+ Kh8 29. Rc8+ 1-0

[Event "Europa ch s-16"]
[Site "Herceg Novi MNE"]
[Date "2008.09.22"]
[Round "7.35"]
[White "Matveev, Vladimir"]
[Black "Larmuseau, Michiel"]
[Result "1-0"]
[WhiteElo "2187"]
[BlackElo "1979"]
[PlyCount "57"]
[EventDate "2008.09.15"]
[EventType "swiss"]
[EventRounds "9"]
[Source "lmi"]
[SourceDate "2008.09.15"]

1. c4 e5 2. Nc3 Nc6 3. g3 f5 4. Bg2 Nf6 5. e3 Bb4 6. Nge2 O-O 7. O-O Bxc3 8.
Nxc3 d6 9. d3 Qe8 10. a3 a5 11. Rb1 Ne7 12. b4 axb4 13. axb4 c6 14. b5 Bd7 15.
Qb3 Kh8 16. Ba3 Qb8 17. bxc6 Bxc6 18. Bxc6 Nxc6 19. Ra1 Ra6 20. Rfb1 Nd8 21.
Nb5 Nf7 22. c5 Ne8 23. cxd6 Nexd6 24. Qd5 Re8 25. Bxd6 Nxd6 26. Rxa6 bxa6 27.
Nxd6 Qxb1+ 28. Kg2 Rf8 29. Nf7+ 1-0

[Event "Europa ch s-16"]
[Site "Herceg Novi MNE"]
[Date "2008.09.22"]
[Round "7.36"]
[White "Petrisor, Adrian-Marian"]
[Black "Sitnic, Adnan"]
[Result "1-0"]
[WhiteElo "2168"]
[BlackElo "1920"]
[PlyCount "57"]
[EventDate "2008.09.15"]
[EventType "swiss"]
[EventRounds "9"]
[Source "lmi"]
[SourceDate "2008.09.15"]

1. e4 e6 2. d4 b6 3. c3 Bb7 4. Nd2 c5 5. Bd3 f5 6. Ngf3 Nf6 7. exf5 exf5 8. O-O
g6 9. Re1+ Kf7 10. Nc4 Bxf3 11. Qxf3 d5 12. Ne5+ Kg7 13. Bxf5 Bd6 14. Bh6+ Kxh6
15. Nf7+ Kg7 16. Nxd8 Rxd8 17. Be6 cxd4 18. cxd4 Nc6 19. Rad1 Bb4 20. Re2 b5
21. Rc2 Rd6 22. Rdc1 Ne7 23. Bh3 Ne4 24. Qe2 Rf6 25. f3 Ng5 26. Rc7 Nxh3+ 27.
gxh3 Kf7 28. Qxb5 Bd6 29. Qxd5+ 1-0

[Event "Europa ch s-16"]
[Site "Herceg Novi MNE"]
[Date "2008.09.22"]
[Round "7.45"]
[White "Baturina, Andrija"]
[Black "Pedersen, Nicolai Kvist Brond"]
[Result "1-0"]
[WhiteElo "2060"]
[BlackElo "1966"]
[PlyCount "21"]
[EventDate "2008.09.15"]
[EventType "swiss"]
[EventRounds "9"]
[Source "lmi"]
[SourceDate "2008.09.15"]

1. c4 c6 2. Nc3 d5 3. cxd5 cxd5 4. Nf3 Nf6 5. d3 Nc6 6. g3 Bg4 7. Bg2 e6 8. O-O
Bb4 9. a3 Ba5 10. b4 O-O 11. bxa5 1-0

[Event "Europa ch s-16"]
[Site "Herceg Novi MNE"]
[Date "2008.09.22"]
[Round "7.53"]
[White "Seitz, Benjamin"]
[Black "Zecevic, Ivan"]
[Result "0-1"]
[WhiteElo "1988"]
[BlackElo "1853"]
[PlyCount "50"]
[EventDate "2008.09.15"]
[EventType "swiss"]
[EventRounds "9"]
[Source "lmi"]
[SourceDate "2008.09.15"]

1. Nf3 Nf6 2. d4 g6 3. c4 Bg7 4. Nc3 O-O 5. e4 d6 6. Be2 e5 7. d5 Nbd7 8. Be3
Nh5 9. Nd2 Nf4 10. Bxf4 exf4 11. Qc2 Ne5 12. O-O Bd7 13. b4 a5 14. a3 Qf6 15.
Rac1 axb4 16. axb4 g5 17. Rfd1 g4 18. g3 h5 19. Nb3 h4 20. Nd4 hxg3 21. fxg3
fxg3 22. hxg3 Bh6 23. Rb1 Be3+ 24. Kh1 Qh6+ 25. Kg2 Qh3# 0-1

[Event "Europa ch s-16"]
[Site "Herceg Novi MNE"]
[Date "2008.09.23"]
[Round "8.1"]
[White "Nyzhnyk, Illya"]
[Black "Yilmaz, Mustafa"]
[Result "1-0"]
[WhiteElo "2428"]
[BlackElo "2362"]
[PlyCount "119"]
[EventDate "2008.09.15"]
[EventType "swiss"]
[EventRounds "9"]
[Source "lmi"]
[SourceDate "2008.09.15"]

1. e4 c5 2. Nf3 d6 3. d4 cxd4 4. Nxd4 Nf6 5. f3 Nc6 6. c4 Qb6 7. Nc2 g6 8. b3
Bg7 9. Be3 Qa5+ 10. Qd2 Qxd2+ 11. Kxd2 O-O 12. Nc3 Nd7 13. Rd1 a5 14. Be2 Nc5
15. Nd5 f5 16. Nb6 Rb8 17. Nxc8 Rbxc8 18. exf5 gxf5 19. Kc1 Bc3 20. Bd2 Bf6 21.
Kb1 Rfd8 22. Rhe1 Kf7 23. Bf1 h5 24. Bc1 a4 25. b4 Ne6 26. f4 h4 27. g3 hxg3
28. hxg3 Ng7 29. Bg2 Rh8 30. a3 Rh6 31. Bd5+ e6 32. Bf3 Ne8 33. g4 Rh3 34. Rd3
Rxf3 35. Rxf3 fxg4 36. Rd3 Ne7 37. Ne3 Nf5 38. Nxf5 exf5 39. Rd5 Kg6 40. Bb2 g3
41. Rd3 Bh4 42. Rh1 g2 43. Rg1 Rxc4 44. Rxg2+ Kf7 45. Bc1 Bf6 46. Rd5 Ke6 47.
Rb5 Nc7 48. Re2+ Re4 49. Rxe4+ fxe4 50. f5+ Kd7 51. Rxb7 Kc6 52. Rb8 Nd5 53.
Kc2 Be5 54. b5+ Kc5 55. Bg5 Kc4 56. b6 Kc5 57. b7 Kc6 58. f6 Bxf6 59. Bxf6 Nxf6
60. Rf8 1-0

[Event "Europa ch s-16"]
[Site "Herceg Novi MNE"]
[Date "2008.09.23"]
[Round "8.2"]
[White "Ter-Sahakyan, Samvel"]
[Black "Pavlidis, Antonios"]
[Result "1/2-1/2"]
[WhiteElo "2480"]
[BlackElo "2266"]
[PlyCount "120"]
[EventDate "2008.09.15"]
[EventType "swiss"]
[EventRounds "9"]
[Source "lmi"]
[SourceDate "2008.09.15"]

1. e4 e5 2. Nf3 Nc6 3. Bb5 a6 4. Ba4 d6 5. c3 f5 6. exf5 Bxf5 7. O-O Bd3 8. Re1
Be7 9. Na3 Nf6 10. Bc2 Bxc2 11. Nxc2 Qd7 12. d4 e4 13. d5 exf3 14. dxc6 bxc6
15. Qxf3 O-O 16. Qd3 d5 17. f3 Bd6 18. Be3 Nh5 19. Rad1 Rf6 20. Qd4 Raf8 21.
Qg4 Qf7 22. Bg5 Rf5 23. Nd4 Bc5 24. Kh1 Bxd4 25. cxd4 Nf4 26. Bxf4 Rxf4 27. Qe6
Qxe6 28. Rxe6 Rb8 29. Re2 Rb4 30. Red2 Kf7 31. Kg1 Ke7 32. Kf2 Kd6 33. Ke3 Rf8
34. Rc1 Rc4 35. Rdc2 Rxc2 36. Rxc2 Rb8 37. Kd3 Rb5 38. Re2 c5 39. dxc5+ Rxc5
40. Re8 Rb5 41. b3 c5 42. Rg8 g6 43. Rg7 c4+ 44. Kc3 cxb3 45. axb3 Rc5+ 46. Kd3
Rb5 47. Rxh7 Rxb3+ 48. Kd4 Rb4+ 49. Kc3 Rc4+ 50. Kd3 Ke6 51. Rb7 Ra4 52. Rb6+
Kf7 53. Rb2 a5 54. Ke3 Rb4 55. Rc2 a4 56. g3 a3 57. Rc7+ Kf6 58. Ra7 Rb3+ 59.
Kf4 Rb4+ 60. Ke3 Rb3+ 1/2-1/2

[Event "Europa ch s-16"]
[Site "Herceg Novi MNE"]
[Date "2008.09.23"]
[Round "8.3"]
[White "Sivuk, Vitaly"]
[Black "Strunski, Andreas"]
[Result "1-0"]
[WhiteElo "2324"]
[BlackElo "2294"]
[PlyCount "153"]
[EventDate "2008.09.15"]
[EventType "swiss"]
[EventRounds "9"]
[Source "lmi"]
[SourceDate "2008.09.15"]

1. e4 c5 2. Nc3 e6 3. Nf3 a6 4. d4 cxd4 5. Nxd4 Qc7 6. Be3 Nf6 7. f3 Bb4 8. Qd2
d5 9. exd5 Nxd5 10. Nde2 Nxe3 11. Qxe3 O-O 12. O-O-O Nc6 13. Ne4 Be7 14. h4 b5
15. N2c3 Ne5 16. Kb1 Bd7 17. f4 Ng4 18. Qf3 f5 19. Nf2 b4 20. Nxg4 fxg4 21. Nd5
exd5 22. Qxd5+ Kh8 23. Qxd7 Rad8 24. Qxg4 Qxf4 25. Qxf4 Rxd1+ 26. Qc1 Rxc1+ 27.
Kxc1 a5 28. Bd3 g6 29. h5 Bg5+ 30. Kd1 Kg7 31. Rh3 gxh5 32. Rxh5 h6 33. Ke2
Re8+ 34. Kf2 Rf8+ 35. Kg3 Re8 36. Rh1 Bf6 37. Rb1 Rf8 38. a4 Be5+ 39. Kh3 Rf2
40. b3 Kf6 41. Re1 Ke6 42. Be4 Kf6 43. Re3 Bf4 44. Re1 Be5 45. Bh7 Rf4 46. Bd3
Rf2 47. Re4 Rf4 48. Re2 Ke6 49. Be4 Bd4 50. Bf3+ Be5 51. Bg4+ Kf6 52. g3 Rf1
53. Kg2 Rc1 54. Rf2+ Kg5 55. Bd7 Kg6 56. Bf5+ Kg7 57. Bd3 Re1 58. Rf5 Re3 59.
g4 Bc7 60. Rc5 Rg3+ 61. Kf1 Rg1+ 62. Ke2 Rg2+ 63. Kd1 Bd8 64. Rd5 Bb6 65. Bf5
Kf7 66. Rd6 Rg1+ 67. Ke2 Rg2+ 68. Kd3 Rg3+ 69. Kc4 Bc7 70. Rxh6 Bd8 71. Rh7+
Ke8 72. Kb5 Re3 73. Bg6+ Kf8 74. Rh8+ Kg7 75. Rxd8 Re5+ 76. Kc4 Kxg6 77. Rd5
1-0

[Event "Europa ch s-16"]
[Site "Herceg Novi MNE"]
[Date "2008.09.23"]
[Round "8.4"]
[White "Prohaszka, Peter"]
[Black "Grandelius, Nils"]
[Result "1-0"]
[WhiteElo "2509"]
[BlackElo "2366"]
[PlyCount "65"]
[EventDate "2008.09.15"]
[EventType "swiss"]
[EventRounds "9"]
[Source "lmi"]
[SourceDate "2008.09.15"]

1. d4 Nf6 2. c4 g6 3. Nc3 d5 4. cxd5 Nxd5 5. e4 Nxc3 6. bxc3 Bg7 7. Bc4 c5 8.
Ne2 O-O 9. O-O Nc6 10. Be3 Bd7 11. Rb1 a6 12. dxc5 Na5 13. Bd3 Qc7 14. Qc2 Be6
15. Nf4 Bc4 16. Nd5 Bxd3 17. Qxd3 Qd8 18. Bd4 Rc8 19. Rfd1 e5 20. Be3 Re8 21.
c6 Nxc6 22. Rxb7 Qa5 23. Rb6 Nb8 24. Qe2 Qa4 25. Bg5 Kh8 26. Rb4 Qa3 27. Rb7 h6
28. Bf6 Bxf6 29. Nxf6 Re7 30. Qg4 Rf8 31. Rxe7 Qxe7 32. Qh4 h5 33. Qg5 1-0

[Event "Europa ch s-16"]
[Site "Herceg Novi MNE"]
[Date "2008.09.23"]
[Round "8.5"]
[White "Sieciechowicz, Marcin"]
[Black "Bregadze, Levan"]
[Result "0-1"]
[WhiteElo "2311"]
[BlackElo "2399"]
[PlyCount "98"]
[EventDate "2008.09.15"]
[EventType "swiss"]
[EventRounds "9"]
[Source "lmi"]
[SourceDate "2008.09.15"]

1. d4 Nf6 2. c4 e6 3. Nf3 d5 4. Nc3 Bb4 5. Bg5 O-O 6. e3 c5 7. cxd5 exd5 8. Rc1
h6 9. Bxf6 Qxf6 10. dxc5 Nc6 11. a3 Bxc3+ 12. Rxc3 Bg4 13. Be2 Bxf3 14. Bxf3 d4
15. exd4 Rae8+ 16. Re3 Nxd4 17. O-O Rxe3 18. fxe3 Nxf3+ 19. Rxf3 Qxb2 20. e4
Rc8 21. Rxf7 Rxc5 22. Rf1 Qxa3 23. Re1 Re5 24. Qc2 Qc5+ 25. Qxc5 Rxc5 26. Kf2
Kf7 27. Ke3 Ke6 28. Kd4 Rb5 29. Rc1 Rb4+ 30. Ke3 a5 31. Rc8 a4 32. Re8+ Kd6 33.
Ra8 b5 34. Kf4 Rc4 35. Ra6+ Kc7 36. Kf5 Kb7 37. Ra5 g6+ 38. Kxg6 Kb6 39. Ra8
Rxe4 40. Kxh6 Rh4+ 41. Kg6 Rxh2 42. g4 Ra2 43. Kf6 b4 44. Rb8+ Kc5 45. Rc8+ Kd4
46. Rd8+ Kc3 47. Rc8+ Kb3 48. g5 a3 49. g6 Rg2 0-1